Notes on the methodology of scientific research (Record no. 34362)

MARC details
000 -LEADER
fixed length control field 00331nam a2200121Ia 4500
082 ## - DEWEY DECIMAL CLASSIFICATION NUMBER
Classification number 001.8
Item number WEI
100 ## - MAIN ENTRY--AUTHOR NAME
Personal name Weimer, Walter B
245 #0 - TITLE STATEMENT
Title Notes on the methodology of scientific research
260 ## - PUBLICATION, DISTRIBUTION, ETC. (IMPRINT)
Place of publication New Jersey
Name of publisher Lawrence
Year of publication 1979
650 ## - SUBJECT ADDED ENTRY--TOPICAL TERM
Topical Term Research methodology
942 ## - ADDED ENTRY ELEMENTS (KOHA)
Koha item type Books
Holdings
Withdrawn status Lost status Damaged status Not for loan Home library Current library Date acquired Cost, normal purchase price Full call number Accession Number Koha item type
        RRII Library RRII Library 16/12/2021 19.95 001.8 WEI 14801 Books